The weekly law reports 1961
Cover title Containing decisions in the House of Lords, the Privy Council, the Supreme Court of Judicature, Assize Courts and Ecclesiastical Courts
Guardado en:
| Autor Corporativo: | |
|---|---|
| Formato: | Libro |
| Publicado: |
London:
Incorporated Council of Law Reporting for England and Wales, London,
[1961]-
|
| Materias: | |
| Etiquetas: |
Agregar Etiqueta
Sin Etiquetas, Sea el primero en etiquetar este registro!
|
MARC
| LEADER | 00000nam a2200000 4500 | ||
|---|---|---|---|
| 020 | |c Tzs 90,000/= |a 0406088098 | ||
| 022 | |a 0406088004 | ||
| 082 | |a REF 348.42041 WEE |b 1 | ||
| 110 | |d Incorporated Council of Law Reporting for England and Wales, Great Britain | ||
| 245 | |a The weekly law reports 1961 |c / Incorporated Council of Law Reporting for England and Wales, Great Britain, edited by R.P. Colinvaux (editor) | ||
| 260 | |a London: |b Incorporated Council of Law Reporting for England and Wales, London, |c [1961]- | ||
| 300 | |a in 3 vols.- v.2:li, 1528 p.: ( volumes 1 & 3 are missing). |c 26cm. | ||
| 505 | |a Cover title Containing decisions in the House of Lords, the Privy Council, the Supreme Court of Judicature, Assize Courts and Ecclesiastical Courts | ||
| 520 | |a Cover title Containing decisions in the House of Lords, the Privy Council, the Supreme Court of Judicature, Assize Courts and Ecclesiastical Courts | ||
| 546 | |a eng. | ||
| 650 | |a Law digests| Law reports, digests, etc. | Trials, litigation, etc |a Law Great Britain | Cases Law reports, |z Great Britain | ||
| 710 | |a Colinvaux, R.P. (editor) | ||
| 942 | |c CC | ||
| 999 | |c 395 |d 395 | ||